书目信息 |
| 题名: |
少林看家拳
|
|
| 作者: | 素法 , 德虔 编著 | |
| 分册: | ||
| 出版信息: | 北京 北京体育大学出版社 1998.08 |
|
| 页数: | 263页 | |
| 开本: | 32开 | |
| 丛书名: | ||
| 单 册: | ||
| 中图分类: | G852.15 | |
| 科图分类: | ||
| 主题词: | 武术 , 民族形式体育 | |
| 电子资源: | ||
| ISBN: | 7-81051-267-6 | |
| 000 | 00597nam0 2200217 45 | |
| 001 | 0010280932 | |
| 005 | 20010320165729.5 | |
| 010 | @a7-81051-267-6@d17.00元 | |
| 100 | @a20001028d1998 km y0chiy0120 ea | |
| 101 | 0 | @achi |
| 105 | @a z 000yy | |
| 200 | 1 | @a少林看家拳@AShao Lin Kan Jia Quan@f素法,德虔编著@FSu Fa,De Qian Bian Zhu |
| 210 | @a北京@c北京体育大学出版社@d1998.08 | |
| 215 | @a263页@d32开 | |
| 606 | 0 | @a武术 |
| 606 | 0 | @a民族形式体育 |
| 690 | @aG852.15@v3 | |
| 701 | 0 | @a素法@4编著 |
| 701 | 0 | @a德虔@4编著 |
| 801 | @aCN@bPftUser@c20001028 | |
| 905 | @dG852.15@eS.006@b73318@f1 | |
| 少林看家拳/素法,德虔编著.-北京:北京体育大学出版社,1998.08 |
| 263页;32开 |
| ISBN 7-81051-267-6:17.00元 |
| ● |
| 相关链接 |
|
|
|
正题名:少林看家拳
索取号:G852.15/S.006
 
预约/预借
| 序号 | 登录号 | 条形码 | 馆藏地/架位号 | 状态 | 备注 |
| 1 | 73315 | 200733153 | 社科库409/409社科库 25排3列3层/ [索取号:G852.15/S.006] | 在馆 | |
| 2 | 73316 | 200733162 | 社科库409/409社科库 25排3列3层/ [索取号:G852.15/S.006] | 在馆 | |
| 3 | 73317 | 200733171 | 社科库409/409社科库 25排3列3层/ [索取号:G852.15/S.006] | 在馆 | |
| 4 | 73318 | 200733180 | 社科库409/422社科库 43排1列4层/ [索取号:G852.15/S.006] | 在馆 |